Štatistická ročenka Slovenskej republiky

Bibliographic Details
Corporate Author: Slovensko. Štatistický úrad (Author)
Format: Book
Language:Slovak
PhysicalDescription:1 elektronický optický disk (CD-ROM)
Published: Bratislava Veda 1997
Subjects:

MARC

LEADER 00000nam a2200000 a 4500
001 vtls001378978
003 SK-MaSNL
005 20260425234807.0
008 160624s1997 xo 0 slo
015 |a SNBS2000/03-01309 
035 |a SNK000332947 
040 |a SNK  |b slo  |c SNK  |e AACR2 
041 0 |a slo 
044 |a xo  |c SK 
080 |a 311.312(437.6)(086.7)'1998'=20=854  |2 1981 
110 1 |a Slovensko.  |b Štatistický úrad  |4 aut 
245 1 |a Štatistická ročenka Slovenskej republiky  |h elektronický zdroj 
246 1 0 |a Statistical yerabook of the Slovak Republic 
246 1 1 |a Statistical yearbook of the Slovak Republic 
256 |a Počítačové dáta 
260 |a Bratislava  |b Veda  |c 1997 
300 |a 1 elektronický optický disk (CD-ROM) 
648 7 |a 1998  |2 SNKPH  |9 282348 
651 7 |a Slovensko  |2 SNKPHgeo  |9 14231 
655 7 |a elektronické dokumenty  |2 SNK  |9 70518 
999 |c 809016  |d 810946 
952 |t P60, <03>, [BOOK], {603}  |a SNK  |b SNK  |y PREZ  |7 0  |p 17A0216932  |o snkSCDM 68/1997  |i snkJK 478/99  |0 0  |1 0  |4 0  |d 1999-12-08  |l 0  |r 2005-01-02 00:00:00  |w 2026-02-24